Chemical process principles (Record no. 19036)

000 -LEADER
fixed length control field 00586nam a22002171 4500
001 - CONTROL NUMBER
control field 19036
003 - CONTROL NUMBER IDENTIFIER
control field BD-DhUET
008 - FIXED-LENGTH DATA ELEMENTS--GENERAL INFORMATION
fixed length control field 840614m19549999nyua 000 0 eng
040 ## - CATALOGING SOURCE
Original cataloging agency DLC
Transcribing agency DLC
Modifying agency BD-DhUET
082 00 - DEWEY DECIMAL CLASSIFICATION NUMBER
Classification number 660.284
Item number HOU/1960
100 1# - MAIN ENTRY--PERSONAL NAME
Personal name Hougen, Olaf A.
245 10 - TITLE STATEMENT
Title Chemical process principles
250 ## - EDITION STATEMENT
Edition statement 2nd ed.
260 ## - PUBLICATION, DISTRIBUTION, ETC. (IMPRINT)
Place of publication, distribution, etc. New York
Name of publisher, distributor, etc. John Wiley & Sons
Date of publication, distribution, etc. 1959
300 ## - PHYSICAL DESCRIPTION
Extent xviii, (505-1072)p.
Other physical details illus
Dimensions 24 cm.
500 ## - GENERAL NOTE
General note Part- II, Thermodynamics
650 #0 - SUBJECT ADDED ENTRY--TOPICAL TERM
Topical term or geographic name as entry element Chemical engineering
700 ## - ADDED ENTRY--PERSONAL NAME
Personal name Watson, Kenneth M.
700 ## - ADDED ENTRY--PERSONAL NAME
Personal name Ragatz, Roland A.
942 ## - ADDED ENTRY ELEMENTS (KOHA)
Koha item type General Book
Holdings
Location (home branch) Koha normalized classification for sorting Date acquired Koha full call number Koha date last seen Source of classification or shelving scheme Damaged status Koha item type Price effective from Shelving location Withdrawn status Copy number Lost status Not for loan Sublocation or collection (holding branch) Piece designation (barcode)
Central Library, BUET660_280000000000000_HOU_19592015-04-02660.28/HOU/19592015-04-02  General Book2015-04-02Circulation section 1  Central Library, BUET17488
Central Library, BUET660_280000000000000_HOU_19592015-05-11660.28/HOU/19592015-05-11  General Book2015-05-11Circulation section 2  Central Library, BUET11360
Central Library, BUET660_284000000000000_HOU_19602015-05-12660.284/HOU/19602015-05-12  General Book2015-05-12Circulation section 3  Central Library, BUET1044
Central Library, BUET660_284000000000000_HOU_19602015-05-12660.284/HOU/19602015-05-12  General Book2015-05-12Circulation section 4  Central Library, BUET510
Central Library, BUET660_284000000000000_HOU_19602015-05-18660.284/HOU/19602015-05-18  General Book2015-05-18Circulation section 5  Central Library, BUET511
Central Library, BUET660_284000000000000_HOU_19602015-05-18660.284/HOU/19602015-05-18  General Book2015-05-18Circulation section 6  Central Library, BUET1045
Central Library, BUET660_280000000000000_HOU_19692015-06-20660.28/HOU/19692015-06-20  Reading Item2015-06-20Reading section 7  Central Library, BUET11359